| 000 | 00576 a2200265 4500 | ||
|---|---|---|---|
| 260 | _aParis | ||
| 630 | _a657 - Comptabilité | ||
| 037 | _b2, Achat | ||
| 650 | _a6 - SCIENCES APPLIQUEES | ||
| 100 | _aCibert, A. | ||
| 260 | _bDunod | ||
| 245 | _aComptabilité générale | ||
| 300 | _a450 p. | ||
| 650 | _aComptabilité | ||
| 260 | _c1980 | ||
| 300 | _b24cm | ||
| 100 | _lFr | ||
| 037 | _aDE 60179 | ||
| 037 | _aDE 60180 | ||
| 440 | _aCollection "Université et Technique" | ||
| 250 | _a6e éd. | ||
| 020 | _a2-04-011147-6 | ||
| 999 |
_c42027 _d42027 |
||